| 000 | 00557nam a22001817a 4500 | ||
|---|---|---|---|
| 999 |
_c186460 _d186460 |
||
| 005 | 20220304162101.0 | ||
| 010 | _aENG-131844 | ||
| 020 |
_a9788184655490 _c100.00 |
||
| 035 | _aEN-115376 | ||
| 037 | _bDBAD/PUB | ||
| 082 | _a100 | ||
| 100 | _aPADMANABAN, A.M | ||
| 245 |
_aFinger print is a replica religion and God/ _cA.M. Padmanaban |
||
| 260 |
_aCHENNAI _bFinger print, expert _c2000 |
||
| 270 |
_adeputy supdt of police tamil nadu finger print bureau _bCHENNAI _e600004 |
||
| 300 |
_a86p. _c21cm(pbk) |
||
| 942 |
_2ddc _cEN _h100 _mPAD |
||